Introduction to computer architecture and organization / (Record no. 9397)

MARC details
000 -LEADER
fixed length control field 01003pam a2200301 a 4500
001 - CONTROL NUMBER
control field 2911266
003 - CONTROL NUMBER IDENTIFIER
control field OSt
005 - DATE AND TIME OF LATEST TRANSACTION
control field 20240924111200.0
008 - FIXED-LENGTH DATA ELEMENTS--GENERAL INFORMATION
fixed length control field 880914s1989 nyua b 001 0 eng
010 ## - LIBRARY OF CONGRESS CONTROL NUMBER
LC control number 88027897
020 ## - INTERNATIONAL STANDARD BOOK NUMBER
International Standard Book Number 0471614041
040 ## - CATALOGING SOURCE
Original cataloging agency DLC
Transcribing agency MUST
Modifying agency DLC
050 00 - LIBRARY OF CONGRESS CALL NUMBER
Classification number QA76.9.A73
Item number L67 1989
082 00 - DEWEY DECIMAL CLASSIFICATION NUMBER
Classification number 004.22 LOR 1989
100 1# - MAIN ENTRY--PERSONAL NAME
Personal name Lorin, Harold.
9 (RLIN) 19187
245 10 - TITLE STATEMENT
Title Introduction to computer architecture and organization /
Statement of responsibility, etc. Harold Lorin.
250 ## - EDITION STATEMENT
Edition statement 2nd ed.
260 ## - PUBLICATION, DISTRIBUTION, ETC. (IMPRINT)
Place of publication, distribution, etc. New York :
Name of publisher, distributor, etc. Wiley,
Date of publication, distribution, etc. c1989.
300 ## - PHYSICAL DESCRIPTION
Extent xiv, 359 p. :
Other physical details ill. ;
Dimensions 24 cm.
500 ## - GENERAL NOTE
General note "Wiley-Interscience publication."
500 ## - GENERAL NOTE
General note Includes index.
504 ## - BIBLIOGRAPHY, ETC. NOTE
Bibliography, etc Bibliography: p. 345-352.
650 #0 - SUBJECT ADDED ENTRY--TOPICAL TERM
Topical term or geographic name as entry element Computer architecture.
9 (RLIN) 562
856 42 - ELECTRONIC LOCATION AND ACCESS
Materials specified Publisher description
Uniform Resource Identifier http://www.loc.gov/catdir/description/wiley031/88027897.html
856 4# - ELECTRONIC LOCATION AND ACCESS
Materials specified Table of Contents
Uniform Resource Identifier http://www.loc.gov/catdir/toc/onix02/88027897.html
906 ## - LOCAL DATA ELEMENT F, LDF (RLIN)
a 7
b cbc
c orignew
d 1
e ocip
f 19
g y-gencatlg
942 ## - ADDED ENTRY ELEMENTS (KOHA)
Source of classification or shelving scheme Dewey Decimal Classification
Koha item type Book
Holdings
Withdrawn status Lost status Source of classification or shelving scheme Damaged status Not for loan Home library Current library Date acquired Source of acquisition Inventory number Total Checkouts Full call number Barcode Date last seen Price effective from Koha item type
    Dewey Decimal Classification     MUST Main Library MUST Main Library 24/09/2024 Donation 11/33846   004.22 LOR 1989 2024-22395 24/09/2024 24/09/2024 Open Shelf